Efektívnosť štrukturálnych fondov na podporu vzdelávania z pohľadu formálneho fungovania projektov
Finančné zdroje poskytované regionálnou politikou EÚ ako jeden z najvýznamnejších zdrojov financovania základných a stredných škôl. Súčasné problémy pri čerpaní tejto pomoci. Výsledky prieskumu, ktorého sa zúčastnilo 95 škôl.
Gespeichert in:
| 1. Verfasser: | |
|---|---|
| Format: | Buchkapitel |
| Sprache: | Slowakisch |
| Schlagworte: | |
| Tags: |
Keine Tags, Fügen Sie das erste Tag hinzu!
|
MARC
| LEADER | 00000naa a2200000 4500 | ||
|---|---|---|---|
| 001 | 0146999 | ||
| 005 | 20240502072645.0 | ||
| 041 | 0 | |a slo | |
| 044 | |a SK | ||
| 245 | 1 | 0 | |a Efektívnosť štrukturálnych fondov na podporu vzdelávania z pohľadu formálneho fungovania projektov |c Miroslav Šipikal |
| 520 | |a Finančné zdroje poskytované regionálnou politikou EÚ ako jeden z najvýznamnejších zdrojov financovania základných a stredných škôl. Súčasné problémy pri čerpaní tejto pomoci. Výsledky prieskumu, ktorého sa zúčastnilo 95 škôl. | ||
| 610 | 2 | 0 | |a fondy štruktúrne |
| 610 | 2 | 0 | |a financovanie |
| 610 | 2 | 0 | |a zdroje finančné |
| 610 | 2 | 0 | |a politika regionálna |
| 610 | 2 | 0 | |a školy základné |
| 610 | 2 | 0 | |a školy stredné |
| 610 | 2 | 0 | |a prieskum |
| 610 | 2 | 0 | |a Slovensko |
| 610 | 2 | 0 | |a projekty |
| 100 | 1 | |a Šipikal, Miroslav, 1976- | |